header

The making of modern Greece (Record no. 573)

MARC details
000 -LEADER
fixed length control field 01464nam a2200349Ia 4500
245 04 - TITLE STATEMENT
Title The making of modern Greece
260 ## - PUBLICATION, DISTRIBUTION, ETC. (IMPRINT)
Place of publication Farnham, U.K. ;
-- Burlington, VT :
Name of publisher Ashgate,
Year of publication c2009.
300 ## - PHYSICAL DESCRIPTION
Number of Pages xiv, 270 p. :
Other physical details ill.
490 1# - SERIES STATEMENT
Series statement Publications of the Centre for Hellenic Studies, King's College London
650 #0 - SUBJECT ADDED ENTRY--TOPICAL TERM
Topical Term Nationalism
700 1# - ADDED ENTRY--PERSONAL NAME
Personal name Beaton, Roderick.
Personal name Ricks, David.
856 40 - ELECTRONIC LOCATION AND ACCESS
Uniform Resource Identifier http://site.ebrary.com/lib/rucke/Doc?id=10288755

No items available.

© 2026 Rongo University
Contact us: librarian | system librarian | Rongo university